000 00705nam a22001937a 4500
003 OSt
005 20240829100434.0
008 240829b ||||| |||| 00| 0 eng d
040 _cAIMIT LIBRARY
100 _aGolyadi, Ashik.
_e2216029
_9178115
245 _aFactors influencing job satisfaction of campco employees /
_cBy Ashik Golyadi ; Guided by Gowthami.
260 _aMangaluru ;
_c2024.
650 _aResearch methodology
_9178116
650 _aLiterature review
_9178117
650 _aData analysis and interpretation
_9178118
700 _aGolyadi, Ashik.
_eGuide
_9178115
856 _3Central arecanut and coca marketing and processing co operative limited
_uwww.campco.org
942 _2ddc
_cPRO
999 _c231631
_d231631